000
00310nam a22001457a 4500
008
170203b xxu||||| |||| 00| 0 eng d
020
_a
9780889373051
041
_a
eng
080
_a
61
082
_2
4ED
100
_a
3
101
_a
SHM
245
_a
BEHAVIOR MEDICINE
_c
RAYMOND.J CORSINI
942
_2
udc
_c
BK
999
_c
4510
_d
4510